000 00983nam a22002417a 4500
005 20240530110942.0
008 150618s2019 sy ackpf b 000 0 ara d
040 _aEG-CaGPL
082 0 4 _221
_a728.82
_bح ع
100 0 _aحسان عبدالحق
245 1 2 _aالعمارة الملكية فى بلاد الرافدين من عصر سلالة اور الثالثة الى نهاية العصر البابلى القديم :
_b2112 - 1595 ق. م/
_cحسان عبدالحق
250 _aط1
260 _aدمشق :
_bوزارة الثقافة،
_c2019 .
300 _a759 ص :
_bايض ؛
_c32 سم .
504 _aيشتمل على ارجاعات ببليوجرافية
650 0 7 _2qrmak
_aالعمارة
_xتصميمات
650 0 7 _2qrmak
_aالتصميم الانشائى
650 0 7 _2qrmak
_aالقصور
650 0 7 _2qrmak
_aالفيلات
650 0 7 _2qrmak
_aالعمارة المنزلية
942 _2ddc
_cBK
999 _c66836
_d66836